La acumulación armamentista global amenaza a toda la humanidad

En este documento se da información acerca del número de tropas y armamentos de estados Unidos estacionados en Europa. También se muestra cual es la estrategia militar de la OTAN y la carrera armamentista estadounidense y, finalmente, acen una comparación entre el número del personal militar que tie...

Description complète

Enregistré dans:
Détails bibliographiques
Collectivité auteur: Consejo Mundial de la Paz
Format: Texte
Publié: Helsinki: CMP. Centro de Información
Sujets:
Tags: Ajouter un tag
Pas de tags, Soyez le premier à ajouter un tag!

MARC

LEADER 00000 a a2200000 04500
001 13881
003
040
090 |a 025000  
110 |a Consejo Mundial de la Paz  
245 |a La acumulación armamentista global amenaza a toda la humanidad  
260 |a Helsinki:   |b CMP. Centro de Información  
300 |a 23 p.  
520 |a En este documento se da información acerca del número de tropas y armamentos de estados Unidos estacionados en Europa. También se muestra cual es la estrategia militar de la OTAN y la carrera armamentista estadounidense y, finalmente, acen una comparación entre el número del personal militar que tiene la OTAN y el del Pacto de Varsovia. MA/mb  
650 |a FUERZAS ARMADAS  
650 |a ARMAMENTISMO  
650 |a GUERRA NUCLEAR  
650 |a ARMAS NUCLEARES  
999 |c 8054  |d 8054